| 000 | 00359nam a2200157Ia 4500 | ||
|---|---|---|---|
| 001 | 9868 | ||
| 003 | IN-NITTTR | ||
| 005 | 20251114233052.0 | ||
| 008 | 251113s9999||||xx |||||||||||||| ||eng|| | ||
| 040 | _beng | ||
| 040 | _cIN-NITTTR | ||
| 041 | _aeng | ||
| 082 | _a378.155 O9P | ||
| 245 | 0 | _aPlanning the development of universities - III / | |
| 942 |
_2ddc _cBK |
||
| 999 |
_c12505 _d12505 |
||